Defining completion of construction works (Record no. 112459)

MARC details
000 -LEADER
fixed length control field 01444cad a22002655a 4500
001 - CONTROL NUMBER
control field L153305
008 - FIXED-LENGTH DATA ELEMENTS--GENERAL INFORMATION
fixed length control field 110708s2011 xxk 000 0 eng d
020 ## - INTERNATIONAL STANDARD BOOK NUMBER
International Standard Book Number 9781842196823
035 ## - SYSTEM CONTROL NUMBER
System control number (Sirsi) u153305
041 0# - LANGUAGE CODE
Language code of text/sound track or separate title eng
050 04 - LIBRARY OF CONGRESS CALL NUMBER
Classification number 690 $2 20
110 2# - MAIN ENTRY--CORPORATE NAME
Corporate name or jurisdiction name as entry element Royal Institution of Chartered Surveyors
9 (RLIN) 4900
245 00 - TITLE STATEMENT
Title Defining completion of construction works
Medium [electronic resource]
260 ## - PUBLICATION, DISTRIBUTION, ETC.
Place of publication, distribution, etc. Coventry
Name of publisher, distributor, etc. RICS
Date of publication, distribution, etc. 2011
490 ## - SERIES STATEMENT
Series statement RICS Guidance Note
Volume/sequential designation (GN 77/2011)
490 #0 - SERIES STATEMENT
Series statement RICS Black Book
520 ## - SUMMARY, ETC.
Summary, etc. This guidance note summarises the principal features of completion of construction works under a variety of construction contracts. It is intended to be of use to surveyors who are certifying, or providing services in consequence of or in relation to, completion of construction works. Guidance is given under the following headings which map to the Assessment of Professional Competence (APC): General Principles (Level 1: Knowing), Practical Application (Level 2: Doing) and Practical Considerations (Level 3: Doing/Advising).
590 ## - LOCAL NOTE (RLIN)
Local note KA
650 24 - SUBJECT ADDED ENTRY--TOPICAL TERM
Topical term or geographic name entry element RICS BLACK BOOK
650 24 - SUBJECT ADDED ENTRY--TOPICAL TERM
Topical term or geographic name entry element RICS QS AND CONSTRUCTION STANDARDS
651 #4 - SUBJECT ADDED ENTRY--GEOGRAPHIC NAME
Geographic name United Kingdom
690 ## - LOCAL SUBJECT ADDED ENTRY--TOPICAL TERM (OCLC, RLIN)
Topical term or geographic name as entry element BUILT ENVIRONMENT-CONSTRUCTION MANAGEMENT
856 40 - ELECTRONIC LOCATION AND ACCESS
Uniform Resource Identifier <a href="https://www.rics.org/uk/upholding-professional-standards/sector-standards/construction/black-book/defining-completion-on-construction-works/">https://www.rics.org/uk/upholding-professional-standards/sector-standards/construction/black-book/defining-completion-on-construction-works/</a>
Public note Available free on RICS.org
942 ## - ADDED ENTRY ELEMENTS (KOHA)
Suppress in OPAC 0
Source of classification or shelving scheme Dewey Decimal Classification
Holdings
Withdrawn status Lost status Source of classification or shelving scheme Damaged status Not for loan Home library Current library Shelving location Date acquired Total Checkouts Full call number Barcode Date last seen Copy number Price effective from Koha item type
  Missing from bundle       London London RICS Boxes 17/08/2011   RICS 2011/30 30076636 06/08/2019 1 06/08/2019 Book
  Missing from bundle       London London RICS Boxes 17/08/2011   RICS 2011/30 30075763 06/08/2019 3 06/08/2019 Book
  Missing from bundle       London London RICS Boxes 17/08/2011   RICS 2011/30 30076632 06/08/2019 1 06/08/2019 Archive
    Dewey Decimal Classification     Virtual Virtual Online 08/07/2011   ONLINE PUBLICATION 153305-2001 06/08/2019 1 06/08/2019 Book